000 00629cam a22002293a 4500
001 31030
003 PGUSA
005 20140828083654.0
008 100120s2010||||xxu|||||s|||||000 | eng d
040 _aPGUSA
_beng
042 _adc
050 4 _aDS
100 1 _aHumbert, Aimé,
_d1819-1900
245 1 0 _aJapan :
_bDe Aarde en haar Volken, 1867
_h[electronic resource] /
_cAimé Humbert
260 _bProject Gutenberg,
_c2010
506 _aPublic domain in the USA.
516 _aElectronic text
653 _aJapan
830 0 _aProject Gutenberg
_v31030
856 4 0 _uhttp://www.gutenberg.org/ebooks/31030
942 _cEB
999 _c260285
_d260285